000 00359nam a2200145Ia 4500
008 230312s9999||||xx |||||||||||||| ||und||
082 _a741.6740
_bWOL-S
100 _aWollaston;Charles
245 0 _aSilkscreen in Schools
260 _bDryad Press Leicester
300 _a72
546 _aEng.
650 _aArchitecture
_vSilkscreen in Schools
942 _cBK
999 _c8239
_d8239